<?xml version="1.0" encoding="UTF-8"?><?xml-stylesheet type="text/xsl" href="static/style.xsl"?><OAI-PMH xmlns="http://www.openarchives.org/OAI/2.0/" xmlns:xsi="http://www.w3.org/2001/XMLSchema-instance" xsi:schemaLocation="http://www.openarchives.org/OAI/2.0/ http://www.openarchives.org/OAI/2.0/OAI-PMH.xsd"><responseDate>2026-04-17T17:17:52Z</responseDate><request verb="GetRecord" identifier="oai:www.recercat.cat:2117/380594" metadataPrefix="marc">https://recercat.cat/oai/request</request><GetRecord><record><header><identifier>oai:recercat.cat:2117/380594</identifier><datestamp>2026-02-07T11:03:59Z</datestamp><setSpec>com_2072_1033</setSpec><setSpec>col_2072_452950</setSpec></header><metadata><record xmlns="http://www.loc.gov/MARC21/slim" xmlns:dcterms="http://purl.org/dc/terms/" xmlns:xsi="http://www.w3.org/2001/XMLSchema-instance" xmlns:doc="http://www.lyncode.com/xoai" xsi:schemaLocation="http://www.loc.gov/MARC21/slim http://www.loc.gov/standards/marcxml/schema/MARC21slim.xsd">
   <leader>00925njm 22002777a 4500</leader>
   <datafield ind2=" " ind1=" " tag="042">
      <subfield code="a">dc</subfield>
   </datafield>
   <datafield ind2=" " ind1=" " tag="720">
      <subfield code="a">Roig Villanova, Irma</subfield>
      <subfield code="e">author</subfield>
   </datafield>
   <datafield ind2=" " ind1=" " tag="720">
      <subfield code="a">Martínez García, Jaime Francisco</subfield>
      <subfield code="e">author</subfield>
   </datafield>
   <datafield ind2=" " ind1=" " tag="260">
      <subfield code="c">2022-09-21</subfield>
   </datafield>
   <datafield ind2=" " ind1=" " tag="520">
      <subfield code="a">In sun-loving plants, detection of the proximity of nearby competitors triggers a set of responses known as the shade avoidance syndrome (SAS). These responses will help the plant to acclimate to the proximity of vegetation that might compromise light availability and limit plant development. Plants sense the presence of nearby competitor vegetation as changes in the light quality, i.e. a reduced red (R) to far-red light (FR) ratio (R:FR). Among the various responses to neighboring plants, one of the best studied and characterized is the promotion of the hypocotyl elongation in seedlings of the model plant Arabidopsis thaliana, that might help them to outcompete neighboring seedlings and reach better light conditions. In addition to this and other developmental changes, shade-perception affects photosynthetic capacity and reduces plant defense. In this chapter, we will review the main molecular aspects that control the regulation of hypocotyl elongation, including the role of the phytochrome photoreceptors, that sense the signal, and the best known genetic and hormonal components that participate downstream shade perception. Because of the obvious interest for translating this knowledge to agriculture, we will also explore what is known about the molecular interaction between shade perception, defense responses and the growth-defense trade-off observed in high planting density.</subfield>
   </datafield>
   <datafield ind2=" " ind1=" " tag="520">
      <subfield code="a">The authors are supported by grant PID2020-115782GB-I00 from Spanish MCIN/AEI (10.13039/501100011033), by the EU PRIMA project UToPIQ (MCIN/AEI code PCI2021-121941), the Generalitat Valenciana project ENIGmA (PROMETEU/2021/056), and the Consejo Superior de Investigaciones Cientificas (CSIC code 202040E256).</subfield>
   </datafield>
   <datafield ind2=" " ind1=" " tag="520">
      <subfield code="a">Objectius de Desenvolupament Sostenible::12 - Producció i Consum Responsables</subfield>
   </datafield>
   <datafield ind2=" " ind1=" " tag="520">
      <subfield code="a">Objectius de Desenvolupament Sostenible::12 - Producció i Consum Responsables::12.2 - Per a 2030, assolir la gestió sostenible i l’ús eficient dels recursos naturals</subfield>
   </datafield>
   <datafield ind2=" " ind1=" " tag="520">
      <subfield code="a">Objectius de Desenvolupament Sostenible::15 - Vida d'Ecosistemes Terrestres</subfield>
   </datafield>
   <datafield ind2=" " ind1=" " tag="520">
      <subfield code="a">Postprint (updated version)</subfield>
   </datafield>
   <datafield tag="653" ind2=" " ind1=" ">
      <subfield code="a">Àrees temàtiques de la UPC::Enginyeria agroalimentària::Agricultura::Producció vegetal</subfield>
   </datafield>
   <datafield tag="653" ind2=" " ind1=" ">
      <subfield code="a">Plants - Variation</subfield>
   </datafield>
   <datafield tag="653" ind2=" " ind1=" ">
      <subfield code="a">Arabidopsis thaliana</subfield>
   </datafield>
   <datafield tag="653" ind2=" " ind1=" ">
      <subfield code="a">Jasmonic acid (JA)</subfield>
   </datafield>
   <datafield tag="653" ind2=" " ind1=" ">
      <subfield code="a">Plant defense</subfield>
   </datafield>
   <datafield tag="653" ind2=" " ind1=" ">
      <subfield code="a">Plant development</subfield>
   </datafield>
   <datafield tag="653" ind2=" " ind1=" ">
      <subfield code="a">Plant proximity</subfield>
   </datafield>
   <datafield tag="653" ind2=" " ind1=" ">
      <subfield code="a">Shade avoidance</subfield>
   </datafield>
   <datafield tag="653" ind2=" " ind1=" ">
      <subfield code="a">Vegetation proximity</subfield>
   </datafield>
   <datafield tag="653" ind2=" " ind1=" ">
      <subfield code="a">Plantes--Variació</subfield>
   </datafield>
   <datafield ind2="0" ind1="0" tag="245">
      <subfield code="a">Molecular regulation of plant responses to shade</subfield>
   </datafield>
</record></metadata></record></GetRecord></OAI-PMH>